ბათუმის შოთა რუსთაველის სახელმწიფო უნივერსიტეტის ბიბლიოთეკა

Начинаем изучать русский в Россию с любовью (ბიბ.ჩანაწერი № 34988)

000 -LEADER
fixed length control field 00626nam a2200229Ia 4500
001 - CONTROL NUMBER
control field 824
003 - CONTROL NUMBER IDENTIFIER
control field GE_BSU
008 - FIXED-LENGTH DATA ELEMENTS--GENERAL INFORMATION
fixed length control field 181216s||||||||xx |||||||||||||| ||und||
020 ## - INTERNATIONAL STANDARD BOOK NUMBER
International Standard Book Number 5200031575
040 ## - CATALOGING SOURCE
Transcribing agency GE_BSU
080 ## - UNIVERSAL DECIMAL CLASSIFICATION NUMBER
Universal Decimal Classification number 808.2
100 ## - MAIN ENTRY--PERSONAL NAME
Personal name Аникина,М.Н.
245 ## - TITLE STATEMENT
Title Начинаем изучать русский в Россию с любовью
245 ## - TITLE STATEMENT
Remainder of title Учебное пособие по русскому языку
260 ## - PUBLICATION, DISTRIBUTION, ETC.
Place of publication, distribution, etc. Москва
260 ## - PUBLICATION, DISTRIBUTION, ETC.
Name of publisher, distributor, etc. Русский язык
260 ## - PUBLICATION, DISTRIBUTION, ETC.
Date of publication, distribution, etc. 2002
300 ## - PHYSICAL DESCRIPTION
Extent 142стр.
653 ## - INDEX TERM--UNCONTROLLED
Uncontrolled term русский язык
942 ## - ADDED ENTRY ELEMENTS (KOHA)
Koha item type წიგნი
ეგზემპლარები
Withdrawn status Lost status Damaged status Not for loan Date acquired Barcode Date last seen Price effective from Koha item type
        2018-12-17 1663 2018-12-17 2018-12-17 წიგნი